Undang-undang Siber Malaysia / Akta Tandatangan Digital 1997 (Akta 562) / Akta Jenayah Komputer 1997 (Akta 563) / Akta Teleperubatan 1997 (Akta 564) (Record no. 4665)
[ view plain ]
| 000 -LEADER | |
|---|---|
| fixed length control field | nam a22 7a 4500 |
| 003 - CONTROL NUMBER IDENTIFIER | |
| control field | AKMAL |
| 005 - DATE AND TIME OF LATEST TRANSACTION | |
| control field | 20170727144411.0 |
| 008 - FIXED-LENGTH DATA ELEMENTS--GENERAL INFORMATION | |
| fixed length control field | 170727s2017 my l 00 may d |
| 020 ## - INTERNATIONAL STANDARD BOOK NUMBER | |
| Terms of availability | RM 80.00 |
| 082 04 - DEWEY DECIMAL CLASSIFICATION NUMBER | |
| Classification number | 343.59509944 MAL |
| Edition number | 21 |
| 090 00 - LOCALLY ASSIGNED LC-TYPE CALL NUMBER (OCLC); LOCAL CALL NUMBER (RLIN) | |
| Classification number (OCLC) (R) ; Classification number, CALL (RLIN) (NR) | 343.59509944 |
| Local cutter number (OCLC) ; Book number/undivided call number, CALL (RLIN) | MAL |
| 110 1# - MAIN ENTRY--CORPORATE NAME | |
| Corporate name or jurisdiction name as entry element | Malaysia |
| 9 (RLIN) | 400 |
| 245 10 - TITLE STATEMENT | |
| Title | Undang-undang Siber Malaysia / Akta Tandatangan Digital 1997 (Akta 562) / Akta Jenayah Komputer 1997 (Akta 563) / Akta Teleperubatan 1997 (Akta 564) |
| Remainder of title | (hingga 10hb Julai 2017) / |
| Statement of responsibility, etc. | disusun oleh Lembaga Penyelidikan Undang-undang |
| 260 ## - PUBLICATION, DISTRIBUTION, ETC. | |
| Place of publication, distribution, etc. | Pudu, Kuala Lumpur : |
| Name of publisher, distributor, etc. | MDC Publishers Sdn. Bhd. , |
| Date of publication, distribution, etc. | 2017 |
| 300 00 - PHYSICAL DESCRIPTION | |
| Extent | 68ms. ; |
| Dimensions | 23cm |
| 650 #0 - SUBJECT ADDED ENTRY--TOPICAL TERM | |
| Topical term or geographic name entry element | Computer networks |
| General subdivision | Law and legislation |
| Geographic subdivision | Malaysia |
| 9 (RLIN) | 3721 |
| 650 #0 - SUBJECT ADDED ENTRY--TOPICAL TERM | |
| Topical term or geographic name entry element | Computer crimes |
| General subdivision | Law and legislation |
| Geographic subdivision | Malaysia |
| 9 (RLIN) | 3722 |
| 650 #0 - SUBJECT ADDED ENTRY--TOPICAL TERM | |
| Topical term or geographic name entry element | Medical telematics |
| General subdivision | Law and legislation |
| Geographic subdivision | Malaysia |
| 9 (RLIN) | 8977 |
| 710 2# - ADDED ENTRY--CORPORATE NAME | |
| Corporate name or jurisdiction name as entry element | Lembaga Penyelidikan Undang-Undang |
| 9 (RLIN) | 8978 |
| 710 1# - ADDED ENTRY--CORPORATE NAME | |
| Corporate name or jurisdiction name as entry element | Malaysia. |
| Title of a work | Akta Tandatangan Digital, 1997 |
| 9 (RLIN) | 8979 |
| 710 1# - ADDED ENTRY--CORPORATE NAME | |
| Corporate name or jurisdiction name as entry element | Malaysia. |
| Title of a work | Akta Jenayah Komputer, 1997 |
| 9 (RLIN) | 8980 |
| 710 1# - ADDED ENTRY--CORPORATE NAME | |
| Corporate name or jurisdiction name as entry element | Malaysia. |
| Title of a work | Akta Telemedicine, 1997 |
| 9 (RLIN) | 8981 |
| 942 ## - ADDED ENTRY ELEMENTS (KOHA) | |
| Source of classification or shelving scheme | |
| Koha item type | Book |
| Withdrawn status | Lost status | Source of classification or shelving scheme | Damaged status | Not for loan | Collection code | Home library | Current library | Shelving location | Date acquired | Inventory number | Total Checkouts | Full call number | Barcode | Date last seen | Price effective from | Koha item type |
|---|---|---|---|---|---|---|---|---|---|---|---|---|---|---|---|---|
| NON-FICTION | AKMAL Melaka | AKMAL Melaka | PINJAMAN | 27.07.2017 | 307088 | 343.59509944 MAL | 201707602 | 27.07.2017 | 27.07.2017 | Book |
